Sportifs français les plus médaillés aux Jeux Olympiques - Statistiques

Statistiques générales
  • Ce quiz a été pris 175 fois
  • Le résultat moyen est 15 sur 95
Statistiques - réponses
Hint Réponse % Correct
Biathlon Martin Fourcade
95%
Judo Teddy Riner
88%
Handball Nikola Karabatic
77%
Natation Florent Manaudou
70%
Natation Laure Manaudou
70%
Canoë-kayak Tony Estanguet
66%
Handball Thierry Omeyer
55%
Escrime Laura Flessel-Colovic
52%
Athlétisme Marie-José Pérec
51%
Judo David Douillet
48%
Athlétisme Renaud Lavillenie
48%
Natation Alain Bernard
41%
Handball Luc Abalo
41%
Biathlon Quentin Fillon Maillet
41%
Ski alpin Jean-Claude Killy
33%
Natation Yannick Agnel
32%
Judo Clarisse Agbegnenou
28%
Handball Daniel Narcisse
26%
Natation Camille Muffat
25%
Patinage artistique Gabriella Papadakis
25%
Patinage artistique Guillaume Cizeron
25%
Handball Michael Guigou
25%
Cyclisme Jeannie Longo-Ciprelli
23%
Escrime Jean-François Lamour
21%
Biathlon Marie Dorin-Habert
20%
Cyclisme Florian Rousseau
19%
Athlétisme Guy Drut
19%
Biathlon Simon Desthieux
17%
Athlétisme Alain Mimoun
16%
Biathlon Anaïs Bescond
15%
Judo Lucie Décosse
15%
Équitation Pierre Jonquères d'Oriola
14%
Escrime Christian d'Oriola
13%
Biathlon Justine Braisaz-Bouchet
13%
Tennis Suzanne Lenglen
13%
Cyclisme Julien Absalon
12%
Cyclisme Félicia Ballanger
11%
Athlétisme Micheline Ostermeyer
10%
Snowboard Pierre Vaultier
10%
Ski alpin Christine Goitschel
9%
Snowboard Karine Ruby
9%
Ski alpin Marielle Goitschel
9%
Escrime Philippe Boisse
9%
Lutte Steeve Guénot
9%
Patinage artistique Pierre Brunet
8%
Cyclisme Daniel Morelon
7%
Patinage artistique Marina Anissina
7%
Gymnastique Angelo Parisi
6%
Biathlon Florence Baverel-Robert
6%
Ski alpin Franck Piccard
6%
Judo Romane Dicko
6%
Biathlon Anne Briand
5%
Voile Charline Picon
5%
Cyclisme Pierre Trentin
5%
Judo Sarah-Léonie Cysique
5%
Escrime Valérie Barlois
4%
Biathlon Véronique Claudel
4%
Judo Amandine Buchard
3%
Biathlon Corinne Niogret
3%
Escrime Éric Srecki
3%
Escrime Fabrice Jeannet
3%
Escrime Georges Buchard
3%
Ski Alpin Henri Oreiller
3%
Tir Jean Quiquampoix
3%
Judo Madeleine Malonga
3%
Escrime Philippe Riboud
3%
Patinage artistique Andrée Joly
2%
Cyclisme Albert Séguin
1%
Escrime Brigitte Gaudin
1%
Athlétisme Joseph Guillemot
1%
Escrime Lucien Gaudin
1%
Tir Paul Colas
1%
Escrime Philippe Cattiau
1%
Escrime Roger Ducret
1%
Tir Achille Paroche
0%
Escrime Albert Ayat
0%
Escrime Alexandre Lippmann
0%
Équitation André Jousseaume
0%
Escrime André Labatut
0%
Lutte Charles Pacôme
0%
Escrime Christine Muzio
0%
Cyclisme Guy Lapébie
0%
Escrime Jacques Lataste
0%
Escrime Jehan Buhan
0%
Tir à l'arc Julien Brulé
0%
Escrime Julien Pillet
0%
Cyclisme Léon Flameng
0%
Haltérophilie Louis Hostin
0%
Tennis Marguerite Broquedis
0%
Escrime Pascale Trinquet
0%
Cyclisme Paul Masson
0%
Escrime René Bougnol
0%
Cyclisme Robert Charpentier
0%
Escrime Véronique Brouquier
0%
Équitation Xavier Lesage
0%
Aucun quiz correspondant
Distribution des résultats
% des personnes avec chaque résultat
Percentile par nombre de réponses
Votre historique - résultats
Vous n’avez pas pris ce quiz